La vida cotidiana en la España romana
Bewaard in:
| Hoofdauteur: | |
|---|---|
| Formaat: | Boek |
| Taal: | Spaans |
| Gepubliceerd in: |
Madrid, España
EDAF
1995
|
| Reeks: | Crónicas de la Historia EDAF,
12 |
| Onderwerpen: | |
| Tags: |
Voeg label toe
Geen labels, Wees de eerste die dit record labelt!
|
MARC
| LEADER | 00000nam a2200000 a 4500 | ||
|---|---|---|---|
| 001 | UCJ9660 | ||
| 003 | CL-VaPUC | ||
| 005 | 20240125113213.0 | ||
| 008 | 070330e19950000SP |||||||||||||||||spa|d | ||
| 999 | |c 325080 |d 325078 | ||
| 020 | |a 8476409826 | ||
| 040 | |c Pontificia Universidad Católica de Valparaíso | ||
| 082 | 0 | 4 | |a 306 DIA 1995 |2 21 |
| 100 | 0 | |a Díaz-Plaja, Fernando |e author |9 519651 | |
| 245 | 1 | 3 | |a La vida cotidiana en la España romana |
| 260 | |a Madrid, España |b EDAF |c 1995 | ||
| 300 | |a 351 páginas | ||
| 490 | 0 | |a Crónicas de la Historia EDAF, |v 12 | |
| 583 | |a last modification |c 20070330 00:00:00 |k Rodrigo Vera | ||
| 650 | 0 | |a Desarrollo cultural |z ESPAÑA |9 267526 | |
| 650 | 0 | |a Antropología cultural y social |z ESPAÑA |9 265143 | |
| 650 | 0 | |a Costumbres y tradiciones |z ESPAÑA |9 268292 | |
| 650 | 0 | |a Historia de España |9 315435 | |
| 852 | |a BIBCUR | ||
| 942 | |c BK |2 ddc | ||
| 945 | |d 20070330 00:00:00 |a cmena | ||
| 952 | |0 0 |1 0 |2 ddc |4 0 |6 306_000000000000000_DIA_1995 |7 0 |8 A |9 405645 |a BIBHIS |b BIBHIS |d 2019-11-22 |i 4326709 |o 306 DIA 1995 |p 4326709 |r 2025-01-20 |t 1 |w 2019-11-22 |y BK |k HIS | ||